• 首页
  • 本馆介绍
  • 公告通知
  • 最新文献
  • 馆藏检索
  • 电子资源
  • 读者导购
  • 参考咨询
  • 我的图书馆
  • 登录
  • 详细信息显示
  • 放入我的书架
  • 预约/预借图书
  • 作者相关作品
  • 分类相关作品
  • 丛书相关作品
  • 出版社相关作品

书目信息

  • 表格格式
  • 工作单格式
  • 卡片格式
题名:
流体输送与非均相分离技术
    
 
作者: 刘承先 , 张裕萍 主编
分册:  
出版信息: 北京   化学工业出版社  2008.7
页数: 233页
开本: 26cm
丛书名:
单 册:
中图分类: TQ022.1 , TQ028
科图分类:
主题词: 流体输送--化工过程--高等教育--教材 , 相分离--化工过程--高等教育--教材 , 流体输送 , 化工过程 , 相分离
电子资源:
ISBN: 978-7-122-02860-0
000 01054nam0 2200313 45
001 1360579046
005 20130530160820.43
010    @a978-7-122-02860-0@dCNY27.00
100    @a20130513d2008 em y0chiy0120 ea
101 0  @achi
102    @aCN@b110000
105    @aa z 000yy
106    @ar
200 1  @a流体输送与非均相分离技术@ALiu Ti Shu Song Yu Fei Jun Xiang Fen Li Ji Shu@f刘承先,张裕萍主编@FLiu Cheng Xian, Zhang Yu Ping Zhu Bian
210    @a北京@c化学工业出版社@d2008.7
215    @a233页@c图@d26cm
300    @a高职高专“十一五”规划教材
330    @a本书内容包括包括:流体输送技术、流体输送过程的电器与自动化、非均相分离技术三个模块。其后是附录内容。
606 0  @a流体输送@x化工过程@x高等教育@j教材
606 0  @a相分离@x化工过程@x高等教育@j教材
606 0  @a流体输送
606 0  @a化工过程
606 0  @a相分离
690    @aTQ022.1@v5
690    @aTQ028@v5
701  0 @a刘承先@ALiu Cheng Xian@4主编
701  0 @a张裕萍@AZhang Yu Ping@4主编
801    @aCN@bTANGWEI@c20130523
905    @b0835734-36@dTQ022.1@e216@f3
    
    流体输送与非均相分离技术/刘承先,张裕萍主编.-北京:化学工业出版社,2008.7
    233页:图;26cm
    高职高专“十一五”规划教材
    
    ISBN 978-7-122-02860-0:CNY27.00
    本书内容包括包括:流体输送技术、流体输送过程的电器与自动化、非均相分离技术三个模块。其后是附录内容。
●
相关链接 在E读中查询图书 在五车中查询图书 在当当中查询图书 在豆瓣中查询图书


正题名:流体输送与非均相分离技术     索取号:TQ022.1/216         预约/预借

序号 登录号 条形码 馆藏地/架位号 状态 备注
1 0835734   208357348   第二样本阅览室/ [索取号:TQ022.1/216] 在馆    
2 0835735   208357357   第三借阅区/ [索取号:TQ022.1/216] 在馆    
3 0835736   208357366   密集书库-化学系/ [索取号:TQ022.1/216] 在馆    
唐山师范学院图书馆 欢迎您!
大连网信软件有限公司© 版权所有